[Event "RUS-ch 53rd"]
[Site "Samara"]
[Date "2000.06.17"]
[Round "1"]
[White "Dolmatov, Sergey"]
[Black "Makarov, Marat"]
[Result "1-0"]
[WhiteElo "2615"]
[BlackElo "2513"]
[Annotator "Gofshtein,L"]
[PlyCount "61"]
[EventDate "2000.06.03"]
[EventType "swiss"]
[EventRounds "11"]
[EventCountry "RUS"]
[SourceTitle "CBM 078"]
[Source "ChessBase"]
[SourceDate "2000.10.18"]
[SourceVersion "1"]
[SourceVersionDate "2000.10.18"]
[SourceQuality "1"]

1. e4 {[%mdl 56]} c5 2. Nf3 Nc6 3. d4 cxd4 4. Nxd4 Nf6 5. Nc3 d6 6. Bg5 e6 7.
Qd2 a6 8. O-O-O Nxd4 9. Qxd4 Be7 10. f4 b5 11. Be2 {Another continuations are:}
(11. Bxf6 gxf6 (11... Bxf6 $2 12. e5 dxe5 13. Qc5 $1 Bd7 14. Nxb5 $1 Be7 15.
Nc7+ Kf8 16. Qxe5 $18) 12. Be2 (12. Bd3 Qc7 13. Qe3 Qc5 14. Qg3 b4 15. Ne2 a5
16. Kb1 Kf8 17. Qh3 h5 $13 {Kasparov,G-Kramnik,V/Amsterdam/1996}) (12. f5 Qa5
13. Kb1 b4 14. Ne2 e5 15. Qe3 Bb7 16. Ng3 d5 17. Bd3 O-O-O 18. Qe2 h5 19. exd5
h4 20. Ne4 Rxd5 $11 {Khalifman,A-Hracek,Z/Erevan/1996/}) (12. e5 d5 13. Kb1 Rg8
14. Ne2 Bb7 15. Ng3 fxe5 16. fxe5 Qc7 17. Re1 O-O-O 18. Bd3 h5 $11 {Peng,
Xiaomin-Gurevich,D/Groningen op (07) 1996 (42)}) (12. Kb1 Qc7 13. Qe3 Qc5 {
1/2-1/2 Ivanov,AV-Gulko,B/USA-ch (02) 1996}) 12... Qc7 ({Quite well is also} 
12... Qa5 13. e5 fxe5 14. fxe5 d5 15. Nxd5 $5 exd5 16. e6 O-O $8 17. Rd3 Bd6 $1
({Wrong is} 17... Bg5+ $2 18. Kb1 Bxe6 (18... fxe6 $6 19. Rg3 h6 20. h4 Qc7 21.
Qd3 Rf5 22. hxg5 hxg5 23. Bg4 Rf6 24. Rgh3 $18) 19. h4 $1 (19. Rg3 $2 $132 h6
20. h4 Qc7 21. Qf2 $1 (21. hxg5 $4 Qxg3 22. Rxh6 f6 {0-1 Shirov,A-Kramnik,V/
Monaco rapid 1996/ (29)}) 21... f6 22. Bd3 $44) 19... Qc7 20. hxg5 Bf5 21. Qf6
$1 $18) 18. e7 Re8 19. Qf6 Qc7 20. Qg5+ Kh8 21. Qf6+ $10) (12... h5 $5) 13. f5
Qc5 14. Qxc5 (14. fxe6 Qg5+) (14. Qd3 Ra7 15. Bh5 {1/2-1/2 Hracek,Z-Epishin,V/
Erevan (06) 1996}) 14... dxc5 15. fxe6 fxe6 16. Bh5+ (16. Rd3 Ra7 17. Bh5+ Kf8
18. Ne2 Rg8 19. g3 c4 $15 {Fishbein,A-Epishin,V/New York op (05) 1997/1/2-1/2 
(70)}) 16... Kf8 17. e5 (17. Rhf1 Ra7 18. e5 f5 19. g4 Kg7 20. gxf5 $142 (20.
Rd3 $6 c4 21. Rh3 Rf8 $15 {Tseitlin,Ma-Epishin,V/St.Petersburg (07) 1997/1/2-1/
2 (65)}) 20... exf5 21. Nd5 Bg5+ 22. Kb1 $11) 17... f5 18. g4 Ra7 (18... b4 $2
19. Ne2 (19. Na4 Rb8) 19... Ra7 20. gxf5 exf5 21. Nf4 $1 Bg5 22. Kb1 Bxf4 23.
Rd8+ Kg7 24. Rg1+ Bg5 25. Rd6 $1 {1-0 Palac,M-Smirin,I/EU-chTM 1997/ (48)}) 19.
gxf5 exf5 20. Nd5 Bg5+ (20... Be6 $5) 21. Kb1 Be6 22. Rhg1 Rg8 23. Nf4 Bxf4 $2
(23... Bf7 24. Bxf7 Kxf7 25. Rd7+ $1 Rxd7 26. e6+ Kf6 27. exd7 Rd8 28. Rxg5 $1
Kxg5 29. Ne6+ $18) (23... Bc4 $142 $1 $13) 24. Rd8+ Ke7 25. Rdxg8 Bxg8 26. Rg7+
$16 {Short-Yermolinsky/Wijk/1997}) 11... Bb7 {another possibility is:} (11...
O-O 12. Bf3 Bb7 13. Bxf6 gxf6 14. e5 d5 15. f5 Kh8 {Garcia-Epishin/Linares op
1998/EXP 62}) 12. Bf3 {Also interesting:} (12. f5 e5 13. Qd3 b4 14. Bxf6 bxc3
15. Bxg7 Rg8 16. f6 Bxf6 17. Bxf6 cxb2+ 18. Kb1 Qxf6 19. Rhf1 $13 {1/2-1/2
Polgar,J-Kramnik,V/Wijk aan Zee 1998/CBM 62 ext (49)}) 12... Qc7 {Another
accepted continuation is:} (12... Rc8 {[%csl Rc3,Yc4][%cal Yc8c3]} 13. Bxf6 (
13. e5 Bxf3 14. gxf3 (14. exf6 gxf6 15. gxf3 Rc4 $1 16. Qa7 fxg5 17. Qxa6 Rxf4
18. Nxb5 d5 $132 {0-1 Ciuksyte,Z-Aatrhi,R/Calicut 1998/CBM 67 ext (43)}) 14...
dxe5 15. Qxd8+ {1/2-1/2 Dvoirys,S-Iskusnyh,S/Novgorod 1999/CBM 69 ext (15)}) (
13. Rhe1 Rc4 14. Qd3 Qc7 15. Bxf6 gxf6 16. Ne2 b4 17. Nd4 O-O 18. Kb1 Rc8 $36 {
0-1 Brulic,D-Lipinsky,F/Yerevan 1999/CBM 72 ext (52)}) (13. Kb1 Rc4 14. Qd3 Qc7
$132 {0-1 Atakisi,U-Acs,P/Oropesa del Mar 1999/CBM 72 ext (23)}) 13... gxf6 (
13... Bxf6 14. Qxd6 (14. e5 Bxf3 15. gxf3 (15. exf6 Bxd1 16. fxg7 Rg8 17. Rxd1
(17. Ne4 $2 Bxc2 18. Nxd6+ Qxd6 $1 19. Qxd6 Bf5+ 20. Kd2 Rd8 $19) 17... d5 $15)
15... dxe5 16. Qa7 Qc7 17. Qxa6 O-O $15) 14... Qxd6 15. Rxd6 Bxc3 16. bxc3 Rxc3
17. Rhd1 O-O 18. Rd7 $14) 14. f5 Rc5 (14... Rc4 15. Qd3 Qc7 $132 {1-0 Shirov,
A-Pelletier,Y/Elista 1998/CBM 66 ext/[Ftacnik] (48)}) (14... Qa5 15. fxe6 fxe6
16. Kb1 $36 {1-0 Polgar,J-Shirov,A/Wijk aan Zee 1998}) 15. Kb1 Qc7 16. Qd2 h5
17. fxe6 fxe6 18. Ne2 $36 {1-0 Kreiman,B-Mainka,R/Bad Zwesten 1998/EXT 2000 
(45)}) 13. Bxf6 {13.e5 gives nothing after:} (13. e5 dxe5 14. fxe5 Nd5 15. Bxe7
Nxe7 16. Ne4 {1/2-1/2 Smirin,I-Tukmakov,V/Kranevo 1996/CBM 55 ext (16)}) 13...
gxf6 14. f5 (14. Kb1 Qc5 15. Qd2 O-O-O 16. Rhe1 Kb8 $11 {Brodsky,M-Poluljahov,
A/MK Cafe Koszalin/1997}) 14... h5 $5 $146 {Interesting novelty.} (14... Rc8
15. fxe6 fxe6 16. Bg4 Kf7 17. Bh5+ Kg7 18. e5 $36 {1/2-1/2 Garcia,G-Smirin,I/
New York 1997/CBM 57 ext (73)}) 15. fxe6 (15. Kb1 Qc5 $5 16. Qd2 (16. Qxc5 $5
dxc5 17. fxe6 fxe6 18. Ne2 $14) 16... O-O-O 17. a3 Kb8 18. Qe2 h4 19. Rhe1 Qe5
20. Qf2 Rc8 21. Nd5 Bd8 22. Nb4 Ba5 {1/2-1/2 Leko,P-Kramnik,V/Frankfurt rapid
1996/ (35)}) 15... fxe6 16. Kb1 O-O-O $2 {[%csl Ye6] It is mistake,because
black's king does not feel good in the queenside,and pawn e6 is very weak.} (
16... Qc5 $5 17. Qxc5 dxc5 18. Ne2 $14 {[%csl Re6,Yf4,Rh5][%cal Re2f4,Yf4h5,
Yf4e6]}) (16... Rc8 $5 17. g3 (17. Rd2 Qc5 18. Ne2 Qe5 (18... Qxd4 19. Nxd4 Kd7
20. c3 Rhg8 $11) 19. Qa7 Bxe4 20. Bxe4 Qxe4 21. Qxa6 Rc5 22. Nc3 Qc6 23. Qxc6+
Rxc6 24. Nxb5 $16) 17... Qc5) 17. a4 $1 $16 {[%cal Ya4b5] after this strong
move white destroys black's pawn structure.} d5 {Also dubious position for
black after:} (17... bxa4 18. Qxa4 {[%csl Ye6]} Rhg8 (18... Rdg8 19. Ne2 $16 {
[%cal Re2f4,Rf4e6,Rf4h5]}) 19. Qb3 Qd7 20. Na4 Kb8 21. Nc5 $18) 18. exd5 b4 19.
Ne2 Kb8 {Also after 19...Bd5 black has big problems.} (19... Bxd5 20. Bxd5 Rxd5
21. Qe4 Qd7 22. Rxd5 exd5 23. Qd3 $36 Qxa4 (23... Kb7 24. Nf4 Rd8 25. Re1 Bf8
26. a5 $16) 24. Qxd5 Kb8 25. Nd4 Rc8 26. Re1 $18) 20. Qe3 (20. Qf4 $5 e5) 20...
e5 (20... Bxd5 21. Nf4 {[%cal Rf4e6,Yf4d5]} Bc5 22. Nxd5 Bxe3 23. Nxc7 Kxc7 24.
Rde1 $16) (20... exd5 21. Nf4 Bc5 22. Qd2 Rhe8 23. Nxh5 (23. Rhe1 Rxe1 24. Rxe1
Qc6 25. Ne6 Re8 26. Nxc5 $16)) 21. Ng3 {[%cal Rg3h5,Yg3f5,Yf3h5] Black can not
allow himself to lose another pawn now.} Bc5 22. Qb3 h4 23. Nf5 Bc8 24. d6 $18
{Decisive break!} Qb6 25. a5 Qb5 (25... Qxa5 26. Qd5 $18) (25... Qa7 26. Ne7
$18) 26. Qf7 $1 {[%cal Gf7c7,Gf7f6]} Rd7 27. Qxf6 Re8 28. Ne7 Bb7 29. Bxb7 Qxb7
30. Qxe5 Bxd6 31. Nc6+ 1-0

[Event "Dresden zt 1.2"]
[Site "Dresden"]
[Date "1998.05.08"]
[Round "10"]
[White "Lutz, Christopher"]
[Black "Huzman, Alexander"]
[Result "1-0"]
[WhiteElo "2595"]
[BlackElo "2610"]
[Annotator "Gofshtein,L/Lutz,C"]
[PlyCount "81"]
[EventDate "1998.04.28"]
[EventType "swiss"]
[EventRounds "11"]
[EventCountry "GER"]
[SourceTitle "EXT 2006"]
[Source "ChessBase"]
[SourceDate "2005.11.24"]
[SourceVersion "1"]
[SourceVersionDate "2005.11.24"]
[SourceQuality "1"]

1. e4 c5 2. Nf3 d6 3. d4 cxd4 4. Nxd4 Nf6 5. Nc3 Nc6 (5... a6) 6. Bg5 e6 7. Qd2
a6 8. O-O-O Nxd4 (8... h6) (8... Bd7) 9. Qxd4 Be7 10. f4 b5 11. Bxf6 gxf6 12.
e5 {[%mdl 32768]} (12. f5 Qc7 (12... Qa5 13. Kb1 Bb7 14. fxe6 fxe6 15. a3 Rg8
16. Rd3 Qc7 17. Qe3 $14 {Horvath,A-Acs,P/ Balatonlelle 2002/ 1/2-1/2 (34)}) 13.
Be2 (13. fxe6 fxe6 14. e5 fxe5 15. Qg4 Bd7 16. Qg7 Rf8 17. Be2 Bc6 18. Rhf1
O-O-O 19. Bg4 Qd7 20. Rxf8 Rxf8 21. a4 b4 22. Nd5 Bxd5 23. Rxd5 Rf1+ {1/2-1/2
Pikula,D-Tukmakov,V/ Biel 2001 (23)}) 13... Qc5 14. Qxc5 dxc5 15. fxe6 fxe6 16.
Bh5+ Kf8 17. e5 f5 18. g4 Ra7 19. gxf5 exf5 20. Nd5 Bg5+ (20... Kg7 21. Rhg1+
Kh6 22. Rd3 Bg5+ 23. Kb1 f4 24. Bg4 Bxg4 25. Rxg4 c4 (25... Kh5 $11 {Tiviakov})
26. Rd1 Rd8 27. h4 Rad7 28. Rxg5 Rxd5 29. Rxd5 Rxd5 30. Kc1 $11 {Tiviakov,
S-Khalifman,A/ Elista1998/ 1/2-1/2 (32)}) 21. Kb1 Be6 22. b3 c4 23. Rhg1 Rg7
24. Nc7 Rxc7 25. Rxg5 Rc8 26. Rd6 Rg8 27. Rxg8+ Bxg8 28. Rxa6 $16 {Kotronias,
V-Lupulescu,C/ Kavala op 2004/ 1-0 (62)}) (12. Be2) (12. g3 Qc7 13. f5 (13. Bg2
Bb7 14. Kb1 Qc5 $1 15. Qd2 O-O-O 16. Rhe1 Kb8 17. Re3 (17. Re2 $5 {Mednis})
17... f5 $1 {Waitzkin,J-Yermolinsky,A/ Las Vegas 1998} 18. a3 $11) 13... Qc5
14. fxe6 fxe6 $15 {Govedarica,R-Vuckovic,B/ Lazarevac 1999/ 1/2-1/2 (82)})
12... d5 13. f5 $5 {[%mdl 4]} (13. Kb1 Rg8 (13... Bb7 14. f5 $1 (14. Qe3 Qc7
15. exf6 (15. Ne2 O-O-O 16. Nd4 Rhg8 17. exf6 Bxf6 18. g3 Kb8 19. a4 bxa4 20.
Qa3 Rd6 21. Qxa4 Rb6 {1/2-1/2 Fiorito,F-Braga,F/ Clarin GP-f 1997 (21)}) 15...
Bxf6 16. Ne2 d4 17. Nxd4 O-O-O 18. Be2 Qc5 19. c3 Bxg2 20. Rhg1 Bb7 21. Bf3 $11
{De la Paz,F-Vera,R/ Capablanca Premier-A 1997/ 0-1 (24)}) 14... fxe5 15. Qxe5
Bf6 16. Qe1 Qe7 17. fxe6 fxe6 18. g3 O-O 19. Bh3 Rae8 20. Rf1 b4 21. Ne2 e5
$132 {Van den Doel,E-Mainka,R/ BL2-W9697 1997/ 1-0 (35)}) (13... b4 14. Ne2 a5
15. Ng3 f5 16. Nh5 Rb8 17. g4 $1 fxg4 18. f5 $40 {Kasparov,G-Hracek,Z/ Yerevan
olm 1996/ 1-0 (24)}) 14. Ne2 (14. g3 Bb7 15. Bh3 Rc8 16. f5 fxe5 17. Qxe5 Bf6
18. Qe2 Rxc3 $1 19. bxc3 Qa5 20. Rd3 e5 $44 {Mainka,R-Gurevich,D/ Bad Zwesten
op 1997/ 0-1 (37)}) 14... Bb7 15. Ng3 fxe5 16. fxe5 Qc7 17. Re1 (17. Bd3 Rg5
18. Rde1 O-O-O 19. Bxh7 Rh8 20. Bd3 Rg7 21. Ref1 Rh4 22. Qe3 Bc5 $36 {[%csl
Re5] Kummerow,H-Mainka,R/ BL9697 GER-chT 1997/ 0-1 (83)}) 17... O-O-O 18. Bd3
h5 19. Rhf1 Rg4 20. Qf2 Bh4 21. Qxf7 $16 {Peng Xiaomin-Gurevich,D/ Koop
Tjuchem op 1996/ 1-0 (41)}) 13... O-O $1 (13... fxe5 $5 14. Qxe5 Bf6 15. Qe1
O-O (15... Qe7 $5 {[%cal Gc8b7,Ge8c8]}) 16. Ne4 Bg7 $13) (13... Bb7 {Lutz} 14.
Be2 $36 {/\ fe6, Bh5}) (13... b4 {Lutz} 14. exf6) 14. Bd3 fxe5 15. Qxe5 (15.
Qg4+ Kh8 16. Qh3 exf5 17. Bxf5 Bxf5 18. Qxf5 d4 19. Qxe5+ Bf6 20. Qf5 Bg7 21.
Ne4 Qc8 22. Ng3 {1/2-1/2 Shabalov,A-Yermolinsky,A/ San Francisco 2000 (22)})
15... Bf6 16. Qg3+ Kh8 17. Qh3 {[%csl Rh7][%cal Rf5e6]} Ra7 $1 {[%mdl 32]
Taking control over 7th horizontal.} (17... e5 $2 {Lutz} 18. Be4 $18) 18. Kb1 (
18. g4 {Lutz} b4 19. Ne2 e5 $17) (18. Rhf1 b4 19. Na4 e5 20. Bc4 Rd7 21. Bb3
Rd6 22. Kb1 e4 23. Rfe1 Be5 24. g4 Qa5 {Tseitlin,M-Lugovoi,A/ Beersheba 1998}
25. Qe3 $11 {/ =/+ Comp Fritz8}) 18... b4 $132 19. fxe6 $1 (19. Ne2 $6 e5 $1
$17 {[%csl Rd3,Re2][%cal Gd8b6,Ye5e4]} 20. Be4 $140 Rd7) 19... fxe6 20. Ne2 Qc7
$1 $15 {/\ Qe5} (20... e5 $143 21. Bf5 {>< d5} Bxf5 22. Qxf5 $14 {[%csl Rd5]
and white's knight is better than black's bishop.}) 21. Qh5 (21. Qh6 $2 {Lutz}
Qg7 $17) 21... Qe5 $1 22. Qxe5 Bxe5 23. Nc1 {/\ Be2-f3, Nd3} Rf2 (23... Raf7 $5
$15 {[%cal Gf7f2]}) 24. Bf1 Bd6 (24... Rc7 {Lutz} 25. Nd3 Rcxc2 26. Nxe5 (26.
Nxf2 Rxb2+ 27. Kc1 Rxf2 $17) (26. Re1 Bd4 27. Nxf2 Rxb2+ 28. Kc1 Rxf2 29. Re2
Rf7 $17) 26... Rxb2+ 27. Ka1 Rxa2+ 28. Kb1 Rfb2+ (28... a5 29. Nd3) (28... b3
29. Nd3) 29. Kc1 Rc2+ 30. Kb1 b3 31. Bd3 (31. Nd3 e5 32. Rc1 (32. Nxe5 Bf5 33.
Bd3 Rcb2+ 34. Kc1 Re2 $19) 32... Bf5 $19) 31... Rcb2+ 32. Kc1 Rxg2 33. Kb1 a5
34. Rdf1 a4 35. Rf8+ Kg7 36. Rf7+ $11) 25. Nd3 Rf6 26. Be2 e5 $6 {/\ Be6} (
26... Rg7 $5 27. g3 e5 $15 {[%cal Ge5e4]} (27... Kg8 {[%cal Gg8f8,Gf8e7]})) 27.
Nc1 {[%csl Rd5]} Rg7 (27... Be6 {Lutz} 28. Bc4 dxc4 29. Rxd6 $132) 28. Rxd5 Bb7
29. Rd2 Rxg2 30. Rhd1 Bf8 (30... Bc7 $143 $2 {Preventing activity of white's
rooks} 31. Rd7 Rg7 {[%cal Gf6f7]} 32. Bc4 $1 {[%cal Rd7d8]} Rxd7 (32... Rfg6
33. Bf7 $18) 33. Rxd7 Rc6 34. Bd5 Rb6 $8 35. Bxb7 Rxb7 36. Nd3 $16 {[%csl Rb4,
Re5]}) 31. Rd7 $132 Rg7 $6 (31... Bc6 $142 $5 32. Rd8 (32. Ra7 {Lutz}) 32...
Rxh2 33. Bxa6 Kg7 $15 {[%cal Gh7h5]}) 32. Rd8 e4 33. h3 Rf2 34. Bc4 Rc7 (34...
h5 $5 $13 {[%cal Gh8h7,Gh7h6]}) 35. Bb3 Bc8 $4 $138 {[%mdl 8192]} (35... h5 $5
{solves the problem of the black's king.}) (35... e3 {Lutz} 36. Rg1 Rg7 37.
Rxg7 Kxg7 38. Rd7+ Kh8 39. Rxb7 e2 40. Nxe2 Rxe2 41. c3 $14) (35... Bc6 $13 {
Lutz}) 36. Rg1 $18 {[%cal Gg1g8]} Rg7 37. Rxg7 Kxg7 38. Rxc8 Bd6 39. Rg8+ Kh6
40. Rg1 Bf4 41. Bc4 {[%cal Gc1e2]} 1-0

[Event "Dortmund SuperGM 24th"]
[Site "Dortmund"]
[Date "1996.07.14"]
[Round "9"]
[White "Shirov, Alexei"]
[Black "Lobron, Eric"]
[Result "0-1"]
[WhiteElo "2685"]
[BlackElo "2585"]
[Annotator "Gutman,L"]
[PlyCount "80"]
[EventDate "1996.07.05"]
[EventType "tourn"]
[EventRounds "9"]
[EventCountry "GER"]
[EventCategory "18"]
[SourceTitle "CBM 054"]
[Source "ChessBase"]
[SourceDate "1996.10.01"]
[SourceVersion "1"]
[SourceVersionDate "1996.10.01"]
[SourceQuality "1"]

1. e4 {Dolmatov} c5 2. Nf3 d6 3. d4 cxd4 4. Nxd4 Nf6 5. Nc3 Nc6 6. Bg5 e6 7.
Qd2 a6 8. O-O-O h6 9. Be3 Be7 10. f4 Nxd4 11. Bxd4 b5 12. Bxf6 $6 {Dieses
Schlagen gilt schon seit 1980 als nicht empfehlenswert für Weiß. Uns bleiben
nur Vermutungen, was Schirow dazu bewegt haben mag.} (12. Bd3 {Dolmatov} Bb7
$132) 12... Bxf6 13. Qxd6 Qxd6 14. Rxd6 Bb7 15. e5 (15. a4 Bxc3 16. bxc3 Bxe4
17. Rd4 (17. axb5 axb5 18. Bxb5+ Ke7 19. Rd7+ Kf6 {mit schwarzem Vorteil,
lautet die Analyse von Makaritschew.}) 17... Bc6 18. a5 Ke7 19. h4 g5 $1 20.
hxg5 hxg5 21. Rxh8 Rxh8 22. fxg5 Rh1 23. Rd1 Rh5 {Mit besseren Aussichten für
Schwarz, Varavin-Kiselew, Moskau 1992.}) 15... Be7 16. Rd1 (16. Rb6 O-O-O 17.
a4 Bc5 18. Rxb7 Kxb7 19. axb5 axb5 20. Bxb5 Be3+ 21. Kb1 Bxf4 22. Rf1 Bxe5 23.
Rxf7+ Kb6 {mit klarem Vorteil für Schwarz, Makaritschew}) 16... g5 $1 {Das
wird deutlich machen, wie gefährlich der schwarzfeldrige Läufer sein kann.} 17.
Bd3 (17. fxg5 $2 Bxg5+ 18. Kb1 Bf4 19. Re1 Rd8 {kommt für Weiß nicht in Frage})
17... Bxg2 18. Rhg1 Bc6 19. f5 {N/} (19. Be4 Rc8 20. Kb1 gxf4 21. Rg4 Bxe4 22.
Nxe4 Rd8 23. Rd3 $5 (23. Rxd8+ Bxd8 24. Nd6+ Kd7 25. Nxf7 Rf8 26. Nxd8 f3 $1
27. Rg1 f2 28. Rf1 Rg8 {Makaritschew}) 23... f3 {laut Makaritschew war 24.a3!
notwendig, nach24...Rxd3 25.cxd3 Bg5 26.Rg3 f2 27.Rf3 Ke7 28. Nxg5 hxg5 29.
Rxf2 kann Weiß sich erfolgreich verteidigen.}) 19... O-O-O 20. Rgf1 {Der erste
neue Zug. Makaritschew gibt 20.fxe6 fxe6 21.a4 bxa4 mit etwas besseren
Aussichten für Schwarz an.} g4 21. f6 $2 {Weiß mußte versuchen, die f-Linie
für Gegenspiel zu nutzen, in Verbindung mit 21. fxe6 (nichts bringt 21.Be4
Bg5+ 22.Kb1 Rxd1+ 23. Rxd1 Bxe4 24. Nxe4 exf5 25. Nd6+ Kc7) 21...fxe6 22.a4} (
21. fxe6 {Dolmatov} fxe6 22. Be4 Bg5+ 23. Kb1 Kc7 $17 24. Rf7+ Kb6) (21. Be4
Bg5+ 22. Kb1 Rxd1+ 23. Rxd1 Bxe4 24. Nxe4 exf5 25. Nd6+ Kc7) 21... Bc5 22. Rde1
(22. Be4 {Dolmatov} Kc7) 22... Bd4 23. Be4 Be8 $1 (23... Bxc3 $2 24. bxc3 Bxe4
25. Rxe4 h5) (23... Kc7 24. Bxc6 Kxc6 25. Rf4 h5) 24. Bg2 Rg8 {Der schwache
Bauer auf e5 bereitet Weiß große Sorgen.} 25. h4 (25. Re4 Rg5 26. Rfe1 Kc7 $19)
25... Kc7 $1 (25... gxh3 26. Bxh3 Rg5 27. Ne4 $5 (27. Bxe6+ fxe6 28. f7 Bxf7
29. Rxf7 Rxe5) 27... Rxe5 28. c3 Bc6 $1 29. cxd4 Rxe4 30. Rxe4 Bxe4 31. Rg1 {
/\ Rg7, verspricht Weiß bestimmte Rettungschanchen.}) 26. Ne4 (26. Nb1 {
Dolmatov} g3 27. c3 Bf2 28. Re2 Bc6 $17) 26... Bc6 (26... Bxe5 $6 27. Nc5 (27.
Nc5 Bg3 28. Re3 $17)) 27. Re2 Bxe5 28. Nc5 Bxg2 29. Rxg2 Kb6 30. Nd3 Bc7 {
Die weiße Stellung ist hoffnungslos verloren.} 31. Kd2 Rd5 32. Ke3 Rf5 33. Rc1
(33. Rxf5 exf5 34. Rf2 g3 35. Rg2 Rg4 $19) 33... Rxf6 34. c4 Rf3+ 35. Ke2 f5
36. cxb5 axb5 37. Nb4 Kb7 38. Rc5 Bb6 39. Re5 f4 40. Kd1 Rf1+ {Aufgabe} 0-1

[Event "Haifa"]
[Site "Haifa"]
[Date "1996.??.??"]
[Round "2"]
[White "Psakhis, Lev"]
[Black "Greenfeld, Alon"]
[Result "1/2-1/2"]
[WhiteElo "2610"]
[BlackElo "2560"]
[Annotator "Gutman,L"]
[PlyCount "78"]
[EventDate "1996.06.??"]
[EventType "tourn"]
[EventRounds "7"]
[EventCountry "ISR"]
[EventCategory "14"]
[SourceTitle "CBM 054"]
[Source "ChessBase"]
[SourceDate "1996.10.01"]
[SourceVersion "1"]
[SourceVersionDate "1996.10.01"]
[SourceQuality "1"]

1. e4 c5 2. Nf3 d6 3. d4 cxd4 4. Nxd4 Nf6 5. Nc3 Nc6 6. Bg5 e6 7. Qd2 a6 8.
O-O-O h6 9. Be3 Be7 10. f4 Nxd4 11. Bxd4 b5 12. Be2 $5 {Das damit verbundene
Bauernopfer wird von John Nunn in "Beating the Sicilian 3" als
vielversprechend empfohlen.} b4 {Eine prinzipielle Antwort.} (12... Bd7 {
die einzige spielbare Alternative:} 13. Bf3 (13. e5 {wir mit 13...b4
beantwortet.}) 13... Rc8 14. Ne2 $5 {mit etwas besseren Aussichten für Weiß.} (
14. g4 $6 b4 15. Ne2 a5 (15... Qa5 16. Kb1 e5 17. Be3 Nxg4 {A.Schirow, ist
kaum zu empfehlen.}))) 13. Na4 Nxe4 14. Qe3 (14. Qxb4 d5 15. Qe1 O-O {und
Schwarz hat keine Probleme.}) 14... Nf6 15. Bf3 (15. Nb6 Rb8 16. g4 {ist noch
zu früh wegen} Bb7 17. Rhg1 Qc7 18. g5 hxg5 19. fxg5 Nd5 20. Nxd5 Bxd5 21. Bxg7
Rxh2 22. g6 fxg6 23. Rd2 {Ziadinow-Ermolinsky, Taskhkent 1987, 23...Kd8 mit
besserem Spiel von Schwarz.}) 15... Rb8 (15... d5 16. g4 Rg8 (16... O-O 17. Nb6
Rb8 18. Kb1 {Short-Am.Rodriguez, Subotica, Interzonenturnier 1987, war
überzeugend genug und kommt in der modernen Praxis nicht vor.})) 16. Ba7 (16.
Kb1 $6 O-O {mit besserem Spiel von Schwarz, A.Beliawsky, in solchen scharfen
Varianten muß man mit der Zeit sorgfältiger umgehen.}) 16... Bd7 $1 {Ein
erzwungenes Qualitätsopfer.} (16... Rb5 17. Bb6 Rxb6 (17... Qd7 $2 18. Nc5 dxc5
19. Rxd7 {Kostete Schwarz die Dame und die Partie, Balashow-Tukmakow,
Sverdlovsk, 1987}) 18. Nxb6 O-O 19. g4 {Mit Vorteil für Weiß.}) 17. Nb6 $5 (17.
Bxb8 Qxb8 18. Qb6 O-O {verspricht Schwarz gute Kompensation für die Qualität.}
19. Qxb8 (19. Qxa6 $6 d5 20. g3 Bb5 21. Qa5 Nd7 22. Rhe1 Bxa4 23. Qxa4 Nc5 24.
Qa5 Qb7 25. Be2 Ra8 26. Qb5 Qc7 27. Bf3 Rxa2 {Ioseliani-Levitna, Tskhaltubo,
1988, und Schwarz gewann leicht.}) 19... Rxb8 20. b3 Bxa4 21. bxa4 Nd7 22. a5
Nc5 23. Rhe1 Rb5 24. Bd5 Rxa5 25. Bc4 Kf8 26. Re3 d5 27. Bb3 Bf6 {Weiß gab auf,
Lazic-Ruban, Bela Crkwa 1989}) 17... Bb5 {[#]} 18. Kb1 {Laut Sutovskij ist 18.
h4 "eine phantastische Neuerung" die die Entwicklung dieser Variante
entscheidend beeinflussen kann. Das ist nicht klar. Was muss Schwarz dagegen
spielen? Evtl. ist die ganze Abwicklung damit "Geschichte". Weiß nimmt das
Feld g5 unter Kontrolle und setzt mit f4-f5 fort. Dieses rechtfertigt sich
nach:} (18. h4 d5 $6 (18... O-O $6 19. f5 Qc7 20. Bxb8 Rxb8 21. Na8 Qd8 22.
fxe6 Rxa8 23. exf7+ {Sutvskiy-Greenfeld, Haifa 1996}) 19. f5 Rb7 20. fxe6 Rxa7
21. Nxd5 Qb8 22. Nxf6+ Bxf6 23. exf7+ {Meiner Meinung nach war 18.h4 nur gut
für eine Partie, mit 18...g6! (um sofortigen f4-f5 zu verhindern) 19.h5 (19.g4
h5! 20.g5 Sg4 21.Lxg4 hxg4 22. Lxb8 Dxb8) 19...g5! 20.Lxb8 gxf4 und Schwarz
kann sich gut behaupten.}) 18... O-O 19. f5 Qc7 20. Bxb8 Rxb8 21. Na8 Qd8 22.
Qa7 $1 d5 $1 23. Nc7 Bc6 24. fxe6 Rb7 25. Nxd5 Rxa7 26. Nxf6+ Bxf6 27. Rxd8+
Bxd8 28. exf7+ Kxf7 $5 (28... Rxf7 29. Bxc6 Rf2 {gilt als gleichwertige
Alternative aber A.Greenfeld, einer der führenden Experten in dieser Variante
bevorzugt den Turm auf der 7.Reihe zu behalten.} 30. a3 bxa3 31. bxa3 Bc7 32.
Bf3 $1 Kf7 33. Rd1 Ke6 34. h3 Be5 35. Rd8 Rf1+ 36. Ka2 Ra1+ 37. Kb3 Bd6 38.
Bg4+ Ke5 39. Kb2 Rg1 40. Bf3 a5 41. Rd7 {und in der Partie Riemersma-Van der
Wiel, Niederl. Meisterschaft 1994, Schwarz hatte mit Schwierigkeiten zu
kämpfen; das könnte eine Begründung sein.}) 29. Bxc6 Bf6 30. a3 {L.Psachis
verfolgt den gleichen Plan.} (30. Rd1 Rc7 31. Bf3 Be7 32. Rd3 (32. Rd5 Rc5 33.
Rd3 Rc7) 32... a5 33. a3 bxa3 34. bxa3 Bf6 35. c4 Ke7 36. Bd5 Be5 {mit
schnellem Remis, Nunn-Van der Wiel, Luzern 1989, gilt als wenig versprechend.})
30... bxa3 31. bxa3 Re7 32. Rd1 Re3 33. Ka2 Re2 {der schwarze Turm ist aktiv
und verhindert die günstige Umgruppierung der weißen Figuren.} 34. Rc1 Ke7 35.
Kb3 Kd6 36. Bb7 Kc5 37. c3 a5 38. Bf3 Re3 39. h3 Be5 {Mit Remis.} 1/2-1/2